ბათუმის შოთა რუსთაველის სახელმწიფო უნივერსიტეტის ბიბლიოთეკა

Математическая логика (ბიბ.ჩანაწერი № 38985)

000 -LEADER
fixed length control field 00606nam a2200205Ia 4500
001 - CONTROL NUMBER
control field 5449
003 - CONTROL NUMBER IDENTIFIER
control field GE_BSU
008 - FIXED-LENGTH DATA ELEMENTS--GENERAL INFORMATION
fixed length control field 181216s||||||||xx |||||||||||||| ||und||
040 ## - CATALOGING SOURCE
Transcribing agency GE_BSU
080 ## - UNIVERSAL DECIMAL CLASSIFICATION NUMBER
Universal Decimal Classification number 510.6(075.8)
100 ## - MAIN ENTRY--PERSONAL NAME
Personal name Ершов, Ю.Л.; Е.А.Палютин;
245 ## - TITLE STATEMENT
Title Математическая логика
245 ## - TITLE STATEMENT
Remainder of title Учеб. пособ. для студ. математических спец. вузов
260 ## - PUBLICATION, DISTRIBUTION, ETC.
Place of publication, distribution, etc. Москва
260 ## - PUBLICATION, DISTRIBUTION, ETC.
Name of publisher, distributor, etc. Наука
260 ## - PUBLICATION, DISTRIBUTION, ETC.
Date of publication, distribution, etc. 1979
300 ## - PHYSICAL DESCRIPTION
Extent 320с. 20 см..
653 ## - INDEX TERM--UNCONTROLLED
Uncontrolled term Математическая логика
942 ## - ADDED ENTRY ELEMENTS (KOHA)
Koha item type წიგნი
ეგზემპლარები
Withdrawn status Lost status Damaged status Not for loan Date acquired Barcode Date last seen Price effective from Koha item type
        2018-12-17 16005 2018-12-17 2018-12-17 წიგნი
        2018-12-17 16006 2018-12-17 2018-12-17 წიგნი